00766cam a22002054a 4500020004000000020003500040040000800075082002600083245005800109260005500167300002600222650001400248650002700262650001900289700002200308856005900330942000700389999001700396952014700413 a1588264289 (hardcover : alk. paper) a158826405X (pbk. : alk. paper) cDLC00a320 LYN 2006 A020 Or.00aDemocracy rising :bassessing the global challenges / aBoulder, Colo. :bLynne Rienner Publishers,c2006. avii, 173 p. ;c24 cm. 0aDemocracy 0aComparative government 0aWorld politics1 aMuñoz, Heraldo.41uhttp://www.loc.gov/catdir/toc/ecip0515/2005019727.html cEK c12775d12775 0010406320_000000000000000_LYN_2006_A020_OR70962863aLBAbLBAcA020d2017-08-16o320 LYN 2006 A020 Or.pA15994r2017-08-16w2017-08-16yEK